000
00306nam a2200121Ia 4500
008
220204s9999 xx 000 0 und d
082
_a
57.087.1
_b
SOK
100
_a
Sokal, Robert R
245
0
_a
Introduction to biostatistics
260
_a
Tokyo
_b
Freeman &Co
_c
1969
650
_a
Biostatistics
942
_c
BK
999
_c
27122
_d
27122